[Event "TCh-NOR Elite 2023-24"]
[Site "Oslo NOR"]
[Date "2023.10.29"]
[Round "3.33"]
[White "Holm, Kristian Stuvik"]
[Black "Vitenberg, Noam Aviv"]
[Result "1-0"]
[WhiteTitle "IM"]
[BlackTitle "FM"]
[WhiteElo "2492"]
[BlackElo "2335"]
[WhiteTeam "Valerenga"]
[BlackTeam "SK 1911"]
[WhiteFideId "1508083"]
[BlackFideId "1532138"]
[EventDate "2023.10.27"]
[EventType "team"]

1. c4 e6 2. g3 d5 3. Bg2 a6 4. cxd5 exd5 5. Nf3 Nf6 6. O-O Bc5 7. Qc2 Qe7 8. d3
Bg4 9. Bg5 Nc6 10. Bxf6 gxf6 11. e3 d4 12. e4 O-O-O 13. Nbd2 f5 14. Rac1 fxe4
15. Nxe4 Bb6 16. Rfe1 Rhe8 17. Ned2 Qf6 18. h3 Bh5 19. Nh4 Rxe1+ 20. Rxe1 Ba5
21. Ne4 Qe6 22. Rc1 Nb4 23. Qb1 Bb6 24. a3 Nd5 25. Qc2 Bg6 26. Qc4 Kb8 27. Nxg6
hxg6 28. Nc5 Qd6 29. Na4 f5 30. Bxd5 Qxd5 31. Nxb6 cxb6 32. Qxd5 Rxd5 33. Rc4 b5
34. Rc2 Rd6 35. g4 fxg4 36. hxg4 Rc6 37. Rd2 Kc7 38. Kg2 Kd6 39. Kf3 Ke5 40.
Re2+ Kf6 41. Kg3 b4 42. axb4 Rb6 43. f4 Rxb4 44. g5+ Kf7 45. Kf3 a5 46. Ke4 Ke6
47. Rc2 b6 48. Rc6+ Kf7 49. Rc7+ Kf8 50. Rc2 Ke7 51. Ke5 a4 52. Rc7+ Kd8 53. Ra7
Rb5+ 54. Kd6 Ke8 55. Ke6 Kf8 56. Rxa4 Rxb2 57. Kf6 Ke8 58. Kxg6 b5 59. Rxd4 b4
60. f5 b3 61. f6 Rf2 62. Rb4 b2 63. Kg7 Kd7 64. f7 Ke7 65. Rb7+ Ke6 66. f8=Q
Rxf8 67. Kxf8 Kf5 68. Rxb2 Kxg5 69. Rf2 1-0

[Event "TCh-NOR Elite 2023-24"]
[Site "Oslo NOR"]
[Date "2023.10.29"]
[Round "3.34"]
[White "Lindbol, Aleksander"]
[Black "Hobber, Anders"]
[Result "0-1"]
[WhiteTitle "CM"]
[BlackTitle "FM"]
[WhiteElo "2226"]
[BlackElo "2348"]
[WhiteTeam "SK 1911"]
[BlackTeam "Valerenga"]
[WhiteFideId "1520644"]
[BlackFideId "1505424"]
[EventDate "2023.10.27"]
[EventType "team"]

1. c4 c6 2. Nf3 d5 3. e3 Nf6 4. Nc3 a6 5. Qc2 g6 6. d4 Bg7 7. Bd3 O-O 8. O-O e6
9. Rd1 Nbd7 10. a4 b6 11. b3 Bb7 12. Bb2 Rc8 13. Qe2 a5 14. Rac1 Re8 15. h3 Qe7
16. Rd2 Rcd8 17. Qd1 Nb8 18. Ne5 Nfd7 19. Nxd7 Nxd7 20. Be2 h5 21. Bf3 Nb8 22.
Nb1 Na6 23. e4 Nb4 24. Na3 Bh6 25. cxd5 cxd5 26. e5 Ba6 0-1

[Event "TCh-NOR Elite 2023-24"]
[Site "Oslo NOR"]
[Date "2023.10.29"]
[Round "3.35"]
[White "Fossum, Oystein Boyum"]
[Black "Kjolberg, Jens Hjorth"]
[Result "1-0"]
[WhiteTitle "FM"]
[BlackTitle "CM"]
[WhiteElo "2314"]
[BlackElo "2198"]
[WhiteTeam "Valerenga"]
[BlackTeam "SK 1911"]
[WhiteFideId "1503430"]
[BlackFideId "1508172"]
[EventDate "2023.10.27"]
[EventType "team"]

1. Nf3 d5 2. g3 Nf6 3. Bg2 e6 4. c4 Be7 5. O-O O-O 6. b3 c5 7. Bb2 d4 8. e3 Nc6
9. exd4 cxd4 10. Re1 Ne8 11. Ne5 Nxe5 12. Rxe5 f6 13. Re1 e5 14. d3 Kh8 15. Ba3
Nd6 16. Nd2 a5 17. Qc1 Qc7 18. Ne4 Nxe4 19. Bxe7 Qxe7 20. Bxe4 f5 21. Bg2 f4 22.
gxf4 Ra6 23. Rxe5 Qh4 24. Qf1 Rg6 25. Rae1 Qxf4 26. Kh1 Bd7 27. Bxb7 Bg4 28. f3
Bf5 29. Re8 Rf6 30. Rxf8+ Rxf8 31. Qe2 h5 32. Qe5 Bxd3 33. Qxh5+ Qh6 34. Qxh6+
gxh6 35. Rd1 Be2 36. Rxd4 Bf1 37. Kg1 Bh3 38. Kf2 Rg8 39. f4 1-0

[Event "TCh-NOR Elite 2023-24"]
[Site "Oslo NOR"]
[Date "2023.10.29"]
[Round "3.41"]
[White "Pranav, V"]
[Black "Notkevich, Benjamin Arvola"]
[Result "1-0"]
[WhiteTitle "GM"]
[BlackTitle "GM"]
[WhiteElo "2604"]
[BlackElo "2462"]
[WhiteTeam "Offerspill"]
[BlackTeam "Tromso"]
[WhiteFideId "25060783"]
[BlackFideId "1506536"]
[EventDate "2023.10.27"]
[EventType "team"]

1. e4 g6 2. d4 Bg7 3. Nf3 d6 4. Bc4 Nf6 5. Qe2 Nc6 6. e5 dxe5 7. dxe5 Ng4 8. e6
fxe6 9. O-O Qd6 10. c3 O-O 11. Rd1 Qc5 12. Bxe6+ Kh8 13. Rd5 Qb6 14. Rb5 Nd4 15.
Nxd4 Bxd4 16. Rxb6 Rxf2 17. Qxg4 Bxb6 18. h3 Bxe6 19. Qxe6 Re2+ 20. Qxb6 axb6
21. Kf1 Re6 22. Nd2 Rd8 23. a4 Rd3 24. Kf2 Kg8 25. Ra3 Rf6+ 26. Nf3 Rd1 27. Bg5
Re6 28. Bf4 Rb1 29. Rb3 Rc6 30. Bh6 Rc5 31. Rb4 Kf7 32. Kg3 Kf6 33. Nd2 1-0

[Event "TCh-NOR Elite 2023-24"]
[Site "Oslo NOR"]
[Date "2023.10.29"]
[Round "3.42"]
[White "Vestby-Ellingsen, Mads"]
[Black "Urkedal, Frode Olav Olsen"]
[Result "0-1"]
[WhiteTitle "IM"]
[BlackTitle "GM"]
[WhiteElo "2336"]
[BlackElo "2536"]
[WhiteTeam "Tromso"]
[BlackTeam "Offerspill"]
[WhiteFideId "1520857"]
[BlackFideId "1506102"]
[EventDate "2023.10.27"]
[EventType "team"]

1. c4 Nf6 2. Nc3 e5 3. Nf3 Nc6 4. d3 d5 5. cxd5 Nxd5 6. e4 Nf6 7. h3 Bc5 8. Be2
h6 9. a3 a6 10. b4 Ba7 11. Bb2 Qd6 12. Rc1 O-O 13. Na4 Rd8 14. O-O Nd7 15. Kh1
Nf8 16. Rxc6 Qxc6 17. Nxe5 Qd6 18. Qc2 Ne6 19. Nf3 Bd7 20. Nc3 Nd4 21. Nxd4 Bxd4
22. Nd5 Bxb2 23. Qxb2 Be6 24. Ne3 Qd4 25. Qc1 Rac8 26. f4 c5 27. b5 c4 28. dxc4
axb5 29. f5 Bxc4 30. Bxc4 bxc4 31. f6 Qd2 32. Nd5 Qxc1 33. Rxc1 Rc5 34. Rc3 gxf6
35. Nxf6+ Kg7 36. Nd5 f5 37. Nf4 Kf6 38. exf5 Kxf5 39. g3 Rd2 40. Kg1 Rb5 41.
Rc1 c3 42. Ng2 c2 43. Ne3+ Kg6 44. Kf1 Rb1 0-1

[Event "TCh-NOR Elite 2023-24"]
[Site "Oslo NOR"]
[Date "2023.10.29"]
[Round "3.43"]
[White "Haldorsen, Benjamin"]
[Black "Lund, Gunnar"]
[Result "1/2-1/2"]
[WhiteTitle "IM"]
[BlackTitle "FM"]
[WhiteElo "2426"]
[BlackElo "2335"]
[WhiteTeam "Offerspill"]
[BlackTeam "Tromso"]
[WhiteFideId "1512633"]
[BlackFideId "1520814"]
[EventDate "2023.10.27"]
[EventType "team"]

1. e4 e6 2. d4 d5 3. e5 c5 4. c3 Nc6 5. Nf3 Bd7 6. Be2 f6 7. O-O fxe5 8. dxe5
Qc7 9. Re1 O-O-O 10. Bd3 Nh6 11. a4 Nf7 12. Na3 a6 13. Bf4 Be7 14. h4 Rdg8 15.
Nc2 g5 16. hxg5 Nxg5 17. Nxg5 Bxg5 18. Bh2 Be8 19. b4 Qf7 20. b5 Nb8 21. c4 Bf4
22. Bxf4 Qxf4 23. Bf1 d4 24. Ra3 Bg6 25. g3 Qf5 26. Na1 h5 27. Nb3 Nd7 28. bxa6
bxa6 29. Nxd4 cxd4 30. Qxd4 h4 31. Rd1 Be8 32. c5 Qxe5 33. Bxa6+ Kc7 34. Qb4 Kd8
35. Qb6+ Ke7 36. Qd6+ Qxd6 37. cxd6+ Kf6 38. Rf3+ Kg5 39. Re1 Bh5 40. Rfe3 hxg3
41. fxg3 Bg4 42. Bc4 Rh3 43. Bf1 Rh6 44. a5 e5 45. a6 Ra8 46. Ra3 Ra7 47. Bb5
Rxd6 48. Bxd7 Bxd7 49. Rxe5+ Kf6 50. Rea5 Bc8 51. Ra1 Raxa6 52. Rxa6 Bxa6 53.
Kf2 Bb7 54. Ra5 Bd5 55. g4 Be6 56. Ke3 Bxg4 57. Ra4 Be6 58. Rd4 Ra6 59. Rf4+ Bf5
60. Rb4 Ra1 61. Rb6+ Be6 62. Rb5 Ra4 63. Rc5 Ke7 64. Rb5 Kd6 65. Rg5 Rh4 66. Kd3
Bd5 67. Ke3 Re4+ 68. Kd3 Kc5 69. Rg1 Rf4 70. Rc1+ Kd6 71. Rg1 Be6 72. Ke3 Ke5
73. Rg5+ Bf5 74. Rg8 Ra4 75. Re8+ Be6 76. Rd8 Rh4 77. Rf8 Re4+ 78. Kf3 Ra4 79.
Kg3 Bd5 80. Re8+ Kf5 81. Rf8+ Kg5 82. Kf2 Ra3 83. Ke2 Be4 84. Rf2 Kg4 85. Rf8
Bf5 86. Rh8 Kf4 87. Rh4+ Ke5 88. Rh8 Be4 89. Rf8 Kd4 90. Rd8+ Bd5 91. Kf2 Rf3+
92. Ke2 Rf5 93. Rd7 Rg5 94. Rd8 Rg2+ 95. Kf1 Ra2 96. Kg1 Rd2 97. Re8 Rg2+ 98.
Kf1 Ra2 99. Rd8 Ke5 100. Rf8 Ra8 1/2-1/2

[Event "TCh-NOR Elite 2023-24"]
[Site "Oslo NOR"]
[Date "2023.10.29"]
[Round "3.44"]
[White "Myagmarsuren, Evsuld"]
[Black "Johansson, Linus"]
[Result "0-1"]
[BlackTitle "IM"]
[WhiteElo "2138"]
[BlackElo "2427"]
[WhiteTeam "Tromso"]
[BlackTeam "Offerspill"]
[WhiteFideId "1551639"]
[BlackFideId "1711113"]
[EventDate "2023.10.27"]
[EventType "team"]

1. e4 e6 2. d4 d5 3. e5 c5 4. c3 Nc6 5. Nf3 Bd7 6. Bd3 cxd4 7. cxd4 Qb6 8. O-O
Nxd4 9. Nbd2 Nxf3+ 10. Nxf3 Nh6 11. Ng5 Bb5 12. Be3 Qa6 13. Bxb5+ Qxb5 14. Qh5
Qd7 15. Rac1 b6 16. Qe2 Be7 17. Rc3 Nf5 18. Rfc1 Nxe3 19. Rc7 Qd8 20. Nxf7 Kxf7
21. fxe3 Re8 22. Qg4 Kg8 23. Qxe6+ Kh8 24. Qg4 Rg8 25. Rd7 Rc8 26. Rf1 Qe8 27.
e6 Rf8 28. Rd1 Bf6 29. h4 Rc6 30. e7 Bxe7 31. R1xd5 Bf6 32. Qg3 Re6 33. Rd3 Re7
34. R7d5 Be5 35. Qg5 h6 36. Qg4 Qf7 37. Rd1 Qf2+ 38. Kh1 Qf1+ 0-1

[Event "TCh-NOR Elite 2023-24"]
[Site "Oslo NOR"]
[Date "2023.10.29"]
[Round "3.45"]
[White "Haug, Johannes"]
[Black "Machlik, Monika"]
[Result "1-0"]
[WhiteTitle "IM"]
[WhiteElo "2469"]
[BlackElo "2071"]
[WhiteTeam "Offerspill"]
[BlackTeam "Tromso"]
[WhiteFideId "1509268"]
[BlackFideId "1513621"]
[EventDate "2023.10.27"]
[EventType "team"]

1. e4 c6 2. Nc3 d5 3. Nf3 dxe4 4. Nxe4 Nf6 5. Qe2 Nxe4 6. Qxe4 Qa5 7. Bc4 Bf5 8.
Qe2 e6 9. Ne5 Qc7 10. d4 Bd6 11. g4 Bg6 12. f4 Bxe5 13. dxe5 h5 14. f5 exf5 15.
e6 f6 16. gxf5 Bxf5 17. Rf1 g6 18. Bf4 Qa5+ 19. c3 Na6 20. b4 Qb6 21. a4 Nxb4
22. cxb4 Qxb4+ 23. Kf2 Rd8 24. Rfd1 Rxd1 25. Rxd1 Rh7 26. Qd2 Qxd2+ 27. Rxd2 b6
28. Bd6 Rb7 29. Ba6 Rg7 30. Bc8 b5 31. Bd7+ Kd8 32. Bxc6 Bxe6 33. Bf8+ Kc7 34.
Bxg7 Kxc6 35. axb5+ Kxb5 36. Bxf6 1-0

[Event "TCh-NOR Elite 2023-24"]
[Site "Oslo NOR"]
[Date "2023.10.29"]
[Round "3.36"]
[White "Dahl, Max"]
[Black "Stenersen, Gudmund"]
[Result "1-0"]
[WhiteElo "2188"]
[BlackElo "2144"]
[WhiteTeam "SK 1911"]
[BlackTeam "Valerenga"]
[WhiteFideId "1526626"]
[BlackFideId "1502581"]
[EventDate "2023.10.27"]
[EventType "team"]

1. e4 e5 2. Nf3 Nc6 3. Bb5 Nge7 4. O-O d6 5. c3 Ng6 6. d4 Bd7 7. Be3 Be7 8. Nbd2
O-O 9. a4 a6 10. Bd3 exd4 11. Nxd4 Nge5 12. Be2 Nxd4 13. cxd4 Nc6 14. d5 Nb4 15.
a5 c5 16. Nc4 Bb5 17. Nb6 Bxe2 18. Qxe2 Rb8 19. Qc4 Bf6 20. Rab1 Re8 21. Bd2 Qe7
22. Rfe1 Rbd8 23. Bxb4 cxb4 24. Qxb4 h5 25. Qd2 g6 26. b4 Bg5 27. Qc3 Bf6 28.
Qd3 Qe5 29. Nc4 Qd4 30. Qxd4 Bxd4 31. Kf1 Re7 32. Rbc1 Rc7 33. Nb6 Re7 34. f3
Kg7 35. Ke2 Be5 36. h3 Bg3 37. Rf1 f5 38. Kd3 fxe4+ 39. fxe4 Rde8 40. Rc4 Kh6
41. Nc8 Rd7 42. Nb6 Rde7 43. Na4 Be5 44. Rf3 h4 45. Rf1 Kg5 46. Nb6 Bf4 47. Rf2
Bg3 48. Rf3 Be1 49. Na4 Bg3 50. Nc3 Be5 51. Ne2 Bh2 52. Nd4 Be5 53. Ne6+ 1-0

[Event "TCh-NOR Elite 2023-24"]
[Site "Oslo NOR"]
[Date "2023.10.29"]
[Round "3.51"]
[White "Petkov, Momchil"]
[Black "Bern, Ivar"]
[Result "1-0"]
[WhiteTitle "GM"]
[BlackTitle "IM"]
[WhiteElo "2500"]
[BlackElo "2301"]
[WhiteTeam "Baerum"]
[BlackTeam "Bergens"]
[WhiteFideId "2921642"]
[BlackFideId "1500171"]
[EventDate "2023.10.27"]
[EventType "team"]

1. e4 c5 2. Nf3 Nc6 3. Bb5 e5 4. O-O Bd6 5. c3 a6 6. Ba4 b5 7. Bb3 Nge7 8. d4
exd4 9. cxd4 c4 10. Bc2 Ng6 11. Nc3 O-O 12. e5 Be7 13. Be4 f5 14. Bd5+ Kh8 15.
b3 cxb3 16. axb3 Rb8 17. Na2 Qb6 18. b4 Bb7 19. Bb3 Rbd8 20. Re1 d6 21. e6 Bf6
22. d5 Bxa1 23. Be3 Nd4 24. Ng5 h6 25. Qh5 f4 26. Qxg6 hxg5 27. Bxd4 Bxd4 28.
Bc2 1-0

[Event "TCh-NOR Elite 2023-24"]
[Site "Oslo NOR"]
[Date "2023.10.29"]
[Round "3.52"]
[White "Gullaksen, Eirik"]
[Black "Delchev, Aleksander"]
[Result "0-1"]
[WhiteTitle "IM"]
[BlackTitle "GM"]
[WhiteElo "2312"]
[BlackElo "2486"]
[WhiteTeam "Bergens"]
[BlackTeam "Baerum"]
[WhiteFideId "1500945"]
[BlackFideId "2900394"]
[EventDate "2023.10.27"]
[EventType "team"]

1. e4 e5 2. Nf3 Nc6 3. Bb5 a6 4. Ba4 Nge7 5. O-O Ng6 6. c3 d5 7. d4 dxe4 8. Nxe5
Nxe5 9. dxe5 Qxd1 10. Rxd1 Bd7 11. Bf4 Nxe5 12. Bxd7+ Nxd7 13. Bxc7 Rc8 14. Bg3
f5 15. Nd2 g5 16. h4 h6 17. Nb3 f4 18. Bh2 Nf6 19. Re1 Kf7 20. Nd2 Re8 21. Re2
Bc5 22. Rae1 Ng4 23. Nxe4 Rxe4 24. Rxe4 Bxf2+ 25. Kf1 Bxe1 26. Bxf4 Bxh4 27. Bc7
Rc8 28. Bb6 Re8 29. Rxe8 Kxe8 30. Ke2 Nf6 31. Kf3 Be1 32. Bc7 Bd2 0-1

[Event "TCh-NOR Elite 2023-24"]
[Site "Oslo NOR"]
[Date "2023.10.29"]
[Round "3.53"]
[White "Elmi, Saad Abobaker"]
[Black "Gabrielsen, Stig"]
[Result "1/2-1/2"]
[WhiteTitle "FM"]
[BlackTitle "FM"]
[WhiteElo "2344"]
[BlackElo "2278"]
[WhiteTeam "Baerum"]
[BlackTeam "Bergens"]
[WhiteFideId "1553259"]
[BlackFideId "1501518"]
[EventDate "2023.10.27"]
[EventType "team"]

1. e4 g6 2. d4 Bg7 3. Nf3 d6 4. Bc4 Nf6 5. Qe2 O-O 6. h3 c6 7. e5 dxe5 8. dxe5
Nd5 9. a4 Be6 10. O-O Nd7 11. Re1 Nc7 12. Nc3 Bxc4 13. Qxc4 Ne6 14. Qh4 Re8 15.
Bh6 Ndf8 16. Ne4 Qc7 17. Bxg7 Kxg7 18. Ra3 h6 19. Rae3 Rad8 20. b3 Rd7 21. Qg3
Red8 22. h4 Rd1 23. h5 Rxe1+ 24. Rxe1 Rd5 25. hxg6 Nxg6 26. Qg4 Nd4 27. Nxd4
Rxd4 28. c3 Rd5 29. f4 Qd7 30. Qxd7 Rxd7 31. g3 b6 32. Kf2 f5 33. exf6+ exf6 1/2-1/2

[Event "TCh-NOR Elite 2023-24"]
[Site "Oslo NOR"]
[Date "2023.10.29"]
[Round "3.54"]
[White "Mansoor, Afras"]
[Black "Stigar, Petter"]
[Result "0-1"]
[BlackTitle "FM"]
[WhiteElo "2181"]
[BlackElo "2174"]
[WhiteTeam "Bergens"]
[BlackTeam "Baerum"]
[WhiteFideId "1522108"]
[BlackFideId "1500341"]
[EventDate "2023.10.27"]
[EventType "team"]

1. d4 d5 2. Nf3 Nf6 3. g3 e6 4. c4 Be7 5. Bg2 Ne4 6. O-O f5 7. b3 c6 8. Ba3 O-O
9. Bxe7 Qxe7 10. Qd3 Nd7 11. Nc3 b6 12. cxd5 exd5 13. Rfc1 Bb7 14. e3 Qd6 15.
Rd1 Rac8 16. Rac1 Rfd8 17. Qb1 Qf6 18. b4 Ba6 19. Nd2 Bb7 20. Qb3 Qf7 21. Bh3
Nd6 22. a4 Nf6 23. Nf3 Nfe4 24. Ne5 Qh5 25. Bg2 a6 26. b5 axb5 27. axb5 Nxc3 28.
Rxc3 Nxb5 29. Rxc6 Bxc6 30. Nxc6 Nc3 31. Ne7+ Kf8 32. Nxc8 Qxd1+ 33. Qxd1 Nxd1
34. Nxb6 Nc3 35. Bf1 Ke7 36. Bd3 Rb8 37. Bxf5 Rxb6 0-1

[Event "TCh-NOR Elite 2023-24"]
[Site "Oslo NOR"]
[Date "2023.10.29"]
[Round "3.55"]
[White "Mihajlov, Svetoslav"]
[Black "Mork, Kjell Arne"]
[Result "1-0"]
[WhiteTitle "CM"]
[BlackTitle "FM"]
[WhiteElo "2094"]
[BlackElo "2231"]
[WhiteTeam "Baerum"]
[BlackTeam "Bergens"]
[WhiteFideId "1507168"]
[BlackFideId "1501801"]
[EventDate "2023.10.27"]
[EventType "team"]

1. d4 Nf6 2. Bg5 e6 3. e4 h6 4. Bxf6 Qxf6 5. Nf3 d6 6. e5 Qe7 7. Nbd2 Nd7 8. Bd3
g6 9. O-O Bg7 10. Re1 O-O 11. Nc4 b6 12. a4 Bb7 13. a5 b5 14. exd6 cxd6 15. Ncd2
Rab8 16. a6 Bc6 17. Be4 Bxe4 18. Nxe4 d5 19. Nc3 b4 20. Nxd5 Qd6 21. Ne3 Nb6 22.
Qd3 Rfd8 23. Red1 Qf4 24. Nc4 Nxc4 25. Qxc4 Rd5 26. c3 g5 27. Ne1 Qd6 28. Nd3
bxc3 29. bxc3 g4 30. Nb4 Rh5 31. g3 Kh8 32. Qe2 Rg5 33. Qe3 Rb6 34. Qe4 Qc7 35.
Rdc1 Qd7 36. Nd3 Rc6 37. Rab1 f5 38. Rb8+ Kh7 39. Qe2 Qd6 40. Rb7 Rxa6 41. Nc5
Rb6 42. Rd7 Qc6 43. Re7 Rg6 44. Nd7 Kg8 45. Nxb6 axb6 46. Re1 e5 47. Qa2+ Kh8
48. Qf7 Kh7 49. Re8 Rf6 50. Qg8+ Kg6 51. Re7 1-0

[Event "TCh-NOR Elite 2023-24"]
[Site "Oslo NOR"]
[Date "2023.10.29"]
[Round "3.56"]
[White "Fossheim, Yngve"]
[Black "Olsen, William Alexander"]
[Result "1-0"]
[WhiteElo "2090"]
[BlackElo "2022"]
[WhiteTeam "Bergens"]
[BlackTeam "Baerum"]
[WhiteFideId "1512277"]
[BlackFideId "1536915"]
[EventDate "2023.10.27"]
[EventType "team"]

1. e4 c5 2. Nf3 Nc6 3. Bb5 g6 4. O-O Bg7 5. c3 Nf6 6. Re1 O-O 7. d4 d5 8. exd5
Nxd5 9. dxc5 Bg4 10. Bc4 e6 11. Bxd5 Qxd5 12. Qxd5 exd5 13. Bf4 d4 14. Nxd4 Bxd4
15. cxd4 Nxd4 16. Bd6 Nc2 17. Bxf8 Nxe1 18. Nc3 Nc2 19. Rc1 Nb4 20. Bd6 Nd3 21.
Rb1 Bf5 22. Nd5 Kg7 23. Ne7 Be6 24. Rd1 Nb4 25. a3 Nc6 26. Nxc6 bxc6 27. Be5+ f6
28. Rd6 Re8 29. Bc3 Bd5 30. Bxf6+ Kf7 31. Bc3 Re7 32. h3 Rb7 33. f3 a5 34. Bxa5
Rxb2 35. Rd7+ Kg8 36. Bc3 Rb3 37. Bb4 Rb2 38. Rc7 Ra2 39. Rb7 Bc4 40. h4 Bd5 41.
Ra7 Rb2 42. Bc3 Rc2 43. Bd4 Rc4 44. Bf2 Rc1+ 45. Kh2 Rc2 46. Kg3 Bc4 47. a4 Ra2
48. Rc7 Bd5 49. Bd4 Rxa4 50. Be5 Rc4 51. Rg7+ Kf8 52. Rxh7 Rxc5 53. Bd6+ Kg8 54.
Rh6 Rc1 55. Rxg6+ Kf7 56. Rg5 Ke6 57. Bf4 Rh1 58. h5 Kf6 59. h6 Be6 60. Ra5 Bf7
61. Ra7 c5 62. Rc7 c4 63. Kf2 Bd5 64. Rc5 Ke6 65. g4 Rh3 66. Rxd5 Kxd5 67. Kg2
Rh4 68. Bg5 c3 69. Bxh4 c2 70. Bg5 1-0

[Event "TCh-NOR Elite 2023-24"]
[Site "Oslo NOR"]
[Date "2024.02.02"]
[Round "4.53"]
[White "Sahl, Bjarke"]
[Black "Shehzad, Shazil"]
[Result "1-0"]
[WhiteTitle "IM"]
[BlackTitle "FM"]
[WhiteElo "2223"]
[BlackElo "2301"]
[WhiteTeam "Asker"]
[BlackTeam "Stavanger"]
[WhiteFideId "1400231"]
[BlackFideId "1521942"]
[EventDate "2023.10.27"]
[EventType "team"]

1. Nf3 Nf6 2. e3 g6 3. b3 Bg7 4. Bb2 O-O 5. Be2 d6 6. d4 Nbd7 7. O-O Re8 8. Qc1
e5 9. c4 e4 10. Nfd2 h5 11. Nc3 Nf8 12. Qc2 Bf5 13. Nd5 c6 14. Nxf6+ Qxf6 15. b4
Bg4 16. Bxg4 hxg4 17. a4 d5 18. Rfc1 Ne6 19. b5 Qg5 20. a5 g3 21. hxg3 a6 22.
bxc6 bxc6 23. Bc3 Bf6 24. Rab1 Kg7 25. Rb6 Rac8 26. Nf1 Rh8 27. f4 exf3 28. gxf3
c5 29. f4 Qh5 30. dxc5 d4 31. Rxe6 Qh1+ 32. Kf2 fxe6 33. exd4 Rcd8 34. Qd2 Qe4
35. Rd1 Rhf8 36. Qe2 Qf5 37. Ne3 Qe4 38. Qf3 Qxf3+ 39. Kxf3 Rb8 40. Ke4 Rb3 41.
Rd3 Kh7 42. Ng4 Bg7 43. Ne5 Rc8 44. g4 g5 45. fxg5 Kg8 46. g6 Rb1 47. Nf7 Rg1
48. g5 Rh1 49. Bd2 Rh2 50. Bf4 Rc2 51. Nh6+ Kf8 52. Bd6+ Ke8 53. Ng4 Re2+ 54.
Kf3 Re1 55. Kf2 Rh1 56. Nf6+ Kd8 57. Rb3 Rb1 58. Rxb1 1-0

[Event "TCh-NOR Elite 2023-24"]
[Site "Oslo NOR"]
[Date "2024.02.04"]
[Round "6.44"]
[White "Johansson, Linus"]
[Black "Aulin-Jansson, Joran"]
[Result "1-0"]
[WhiteTitle "IM"]
[BlackTitle "FM"]
[WhiteElo "2427"]
[BlackElo "2100"]
[WhiteTeam "Offerspill"]
[BlackTeam "Asker"]
[WhiteFideId "1711113"]
[BlackFideId "1500279"]
[EventDate "2023.10.27"]
[EventType "team"]

1. d4 Nf6 2. c4 e6 3. Nc3 Bb4 4. e3 O-O 5. Bd3 b6 6. Ne2 d5 7. a3 Be7 8. cxd5
exd5 9. Nf4 Bb7 10. Qf3 Re8 11. O-O c6 12. b4 Nbd7 13. Bb2 Nf8 14. e4 dxe4 15.
Nxe4 Nd5 16. Nxd5 cxd5 17. Ng3 Rc8 18. Nf5 Bf6 19. Qg3 Rc7 20. Bb5 Re6 21. Rac1
Ree7 22. Nxe7+ Rxe7 23. Qd3 g6 24. Ba6 Kg7 25. Bxb7 Rxb7 26. b5 Ne6 27. Rfe1 Qd6
28. Rc6 Qf4 29. Bc1 Qxd4 30. Qxd4 Bxd4 31. Rd1 Re7 32. Kf1 Bf6 33. Rxd5 Nc7 34.
Rd2 Nxb5 35. a4 Nc7 36. Ba3 1-0

[Event "TCh-NOR Elite 2023-24"]
[Site "Oslo NOR"]
[Date "2024.03.08"]
[Round "7.13"]
[White "Kulaots, Kaido"]
[Black "Hauge, Lars Oskar"]
[Result "0-1"]
[WhiteTitle "GM"]
[BlackTitle "GM"]
[WhiteElo "2534"]
[BlackElo "2481"]
[WhiteTeam "Valerenga"]
[BlackTeam "OSS"]
[WhiteFideId "4500261"]
[BlackFideId "1509276"]
[EventDate "2023.10.27"]
[EventType "team"]

1. e4 e5 2. Nf3 Nc6 3. Bb5 Nf6 4. d3 Ne7 5. O-O c6 6. Ba4 d6 7. c3 Ng6 8. Re1
Be7 9. Nbd2 O-O 10. Nf1 Qc7 11. d4 exd4 12. cxd4 d5 13. e5 Ne4 14. Bc2 Bb4 15.
N3d2 f5 16. a3 Ba5 17. b4 Bb6 18. Nb3 f4 19. f3 Ng5 20. Kh1 Bf5 21. Bxf5 Rxf5
22. Qd3 Qf7 23. b5 Ne6 24. bxc6 bxc6 25. a4 Rh5 26. Ba3 Nh4 27. a5 Bd8 28. Rec1
Rb8 29. Bd6 Rc8 30. Ra2 Nf5 31. Rac2 Qd7 32. Ba3 Bh4 33. Kg1 Ne3 34. Nxe3 fxe3
35. Qxe3 Bg5 36. Qd3 Bxc1 37. Bxc1 c5 38. Nxc5 Nxc5 39. dxc5 Rxe5 40. Bb2 Re7
41. h3 Kh8 42. Bd4 Qc7 43. a6 Re1+ 44. Kf2 Rce8 45. Rb2 Qf4 46. g3 Qh6 47. Rb7
R8e2+ 48. Qxe2 Rxe2+ 0-1

[Event "TCh-NOR Elite 2023-24"]
[Site "Oslo NOR"]
[Date "2024.03.08"]
[Round "7.16"]
[White "Haug, Havard"]
[Black "Stenersen, Gudmund"]
[Result "1-0"]
[WhiteTitle "FM"]
[WhiteElo "2341"]
[BlackElo "2144"]
[WhiteTeam "OSS"]
[BlackTeam "Valerenga"]
[WhiteFideId "1547887"]
[BlackFideId "1502581"]
[EventDate "2023.10.27"]
[EventType "team"]

1. d4 Nf6 2. Nc3 d5 3. Bf4 e6 4. Nb5 Na6 5. e3 c6 6. Nc3 b6 7. Nf3 Bb7 8. Ne5
Rc8 9. a3 Be7 10. Bd3 O-O 11. h4 Nc7 12. g4 c5 13. g5 Ne4 14. Qg4 cxd4 15. exd4
f5 16. Qh5 Qe8 17. g6 Nf6 18. gxh7+ Nxh7 19. Ng6 Bf6 20. Ne2 Ba6 21. Bxa6 Nxa6
22. c3 Nb8 23. Bd6 Rf7 24. Rg1 Nd7 25. Rg5 Bd8 26. Nef4 Ndf6 27. Qf3 Ne4 28. Rh5
Nef6 29. O-O-O Bc7 30. Bxc7 Rfxc7 31. Re1 Nxh5 32. Rxe6 Qb5 33. Nxh5 Qc4 34.
Ne7+ Kh8 35. Nf4 Rxe7 1-0

[Event "TCh-NOR Elite 2023-24"]
[Site "Oslo NOR"]
[Date "2024.03.08"]
[Round "7.23"]
[White "Christiansen, Johan-Sebastian"]
[Black "Shehzad, Shazil"]
[Result "1/2-1/2"]
[WhiteTitle "GM"]
[BlackTitle "FM"]
[WhiteElo "2633"]
[BlackElo "2301"]
[WhiteTeam "Offerspill"]
[BlackTeam "Stavanger"]
[WhiteFideId "1512668"]
[BlackFideId "1521942"]
[EventDate "2023.10.27"]
[EventType "team"]

1. c4 Nf6 2. g3 e6 3. Bg2 d5 4. Nf3 d4 5. O-O c5 6. e3 Nc6 7. exd4 cxd4 8. d3
Bd6 9. Nbd2 h6 10. Re1 O-O 11. Qc2 e5 12. a3 a5 13. c5 Bc7 14. Rb1 Bf5 15. Nh4
Be6 16. Nc4 e4 17. Bxe4 Nxe4 18. Rxe4 Bd5 19. Re1 g5 20. Ng2 Qf6 21. f4 Rfe8 22.
Rf1 Qg6 23. Rf2 Bxg2 24. Kxg2 Re1 25. Bd2 Nb4 26. Bxb4 Qc6+ 27. Kh3 Rxb1 28.
Qxb1 axb4 29. fxg5 hxg5 30. Qd1 Kg7 31. Qf3 Qxf3 32. Rxf3 bxa3 33. bxa3 Re8 34.
Rf2 Rd8 35. Kg4 Kg6 36. Rf5 f6 37. h4 gxh4 38. gxh4 Kf7 39. Rf3 Ke6 40. Rh3 Rd5
41. c6 b5 42. Nd2 Rd8 43. h5 f5+ 44. Kf3 Kd5 45. h6 Kxc6 46. h7 Rh8 47. Rh5 Kd7
48. Nb3 Bd6 49. Nxd4 Bxa3 50. Nxb5 Bb2 51. Rh2 Be5 52. Rh6 Ke7 53. Na3 Bg7 54.
Rh1 Kf7 55. Nc4 Kg6 56. Rg1+ Kf6 57. Ne3 Rxh7 58. Nd5+ Kf7 59. Rg5 Rh3+ 60. Ke2
Rh2+ 61. Kf3 Rh3+ 62. Ke2 Rh2+ 63. Kf3 Rh3+ 64. Ke2 Rh2+ 65. Kf1 Bh6 66. Rxf5+
Ke6 67. Rf2 Rxf2+ 1/2-1/2